Detalles MARC
| 000 -ENCABEZADO |
| Número de control [NR] |
02944nam a22003257a 4500 |
| 005 - FECHA Y HORA DE LA ÚLTIMA TRANSACCIÓN |
| control field |
20160224142712.0 |
| 008 - DE LONGITUD FIJA DE DATOS DE ELEMENTOS - INFORMACIÓN GENERAL |
| Elementos de longitud fija [NR] |
130419k17381739it ||||fr|||||001|0|ita d |
| 040 ## - FUENTE DE CATALOGACION [NR] |
| Quien Cataloga |
Sandra Yazo (modificó) |
| Quien Clasifica |
Sandra Yazo (modificó) |
| Idioma de catalogación [NR] |
spa |
| 041 0# - CODIGO DE IDIOMA [R] |
| Código de idioma para texto/pista de sonido o título separado [R] |
Italiano |
| 082 04 - NUMERO DE CLASIFICACION DECIMAL DEWEY [R] |
| Número de clasificación [R] |
248.4 |
| Número de la edición [NR] |
20 |
| 092 ## - SIGNATURA TOPOGRAFICA LOCAL |
| Número de clasificación local |
E03N025 |
| 100 1# - ASIENTO PRINCIPAL--NOMBRE PERSONAL [NR] |
| Nombre personal [NR] |
Calino, Césare |
| Fechas asociadas con el nombre [NR] |
1670-1749 |
| ID Autoridad |
29431 |
| 242 00 - TRADUCCION DEL TITULO POR LA AGENCIA CATALOGADORA [R] |
| Título [NR] |
Consideraciones y discursos con temas morales y de la familia, facilitando a quien quiera fijar su pensamiento todos los días en alguna verdad eterna, para uso de los párrocos y para quienes dirigen congregaciones y retiros espirituales |
| Parte restante del título [NR] |
mes séptimo [mes décimo] |
| Mención de responsabilidad, etc. [NR] |
obra de Cesar Calino. |
| Código de idioma del título traducido [NR] |
spa |
| 245 10 - MENCION DE TITULO [NR] |
| Título [NR] |
Considerazioni e discorsi famigliari, e morali ... ad uso de' reverendi parrochi dall' altare e de direttori di Congregazioni e di Essercizi spirituali |
| Parte restante del título [NR] |
messe settimo [-decimo] |
| Mención de responsabilidad, etc. [NR] |
opera di Cesare Calino |
| 260 ## - PUBLICACION, DISTRIBUCION, ETC. (PIE DE IMPRENTA) [R] |
| Lugar de publicación, distribución, etc. [R] |
Venezia [Venecia] (Italia) |
| Nombre del editor, distribuidor, etc. [R] |
Presso Gio: Battista Recurti [en los talleres de Juan Bautista Recurti] |
| Fecha de publicación, distribución, etc. [R] |
1738-1739 |
| 300 ## - DESCRIPCION FISICA [R] |
| Extensión [R] |
2 volúmenes (xi, 510 ; [15], 536 páginas) |
| Dimensiones [R] |
16 x 9 cm. |
| 500 ## - NOTA GENERAL [R] |
| Nota general [NR] |
Detalles físicos: Encuadernación rígida en cartón forrado en pergamino. Guardas, las guardas delanteras recortadas. Portada impresa en una sola tinta con motivo decorativo religioso. Cenefa. Mayúscula capital. Texto impreso en una sola columna con varios tipos y tamaños de letra. Apostillas marginales. Signaturas y reclamos. Índice al final. Cortes pintados. V.7 Empieza a desencuadernarse, en guardas notas de donación |
| 500 ## - NOTA GENERAL [R] |
| Nota general [NR] |
Colección incompleta |
| 505 0# - NOTA DE CONTENIDO CON FORMATO PREESTABLECIDO [R] |
| Nota de contenido con formato preestablecido [NR] |
V.7: Mes séptimo: Reflexiones y lecturas: ¿Qué son las virtudes cristianas? ; Importancia de su práctica desde temprana edad ; Verdades acerca del Paraíso ; La virtud de la fe ; La esperanza ; ¿Qué se puede esperar de las cosas creadas? ; La desesperanza ; La caridad habitual, que hace al ser humano amable para Dios ; El amor a Dios -- V.10: Mes décimo: Reflexiones y lecturas: El misterio de la Trinidad ; La encarnación del Verbo ; Nacimiento de Nuestro Señor ; La presentación en el Templo ; La huida a Egipto ; Bautismo de Jesús ; Las tentaciones en el desierto ; Las bodas de Caná ; Llamadas de Jesús: los que las siguieron y los que no ; Milagros de Jesús ; Algunas parábolas |
| 506 ## - NOTA DE RESTRICCIONES DE ACCESO [R] |
| Condiciones de acceso [NR] |
Consulta en sala |
| 546 ## - NOTA DE IDIOMA [R] |
| Nota de idioma [NR] |
Texto en italiano y algunas expresiones en latín |
| 650 #7 - ASIENTO SECUNDARIO DE MATERIA - TERMINO TEMATICO [R] |
| Término temático o nombre geográfico como elemento de entrada [NR] |
Espiritualidad |
| Subdivisión general [R] |
Obras anteriores a 1800 |
| 9 (RLIN) |
191 |
| 650 #7 - ASIENTO SECUNDARIO DE MATERIA - TERMINO TEMATICO [R] |
| Término temático o nombre geográfico como elemento de entrada [NR] |
Meditaciones |
| Subdivisión general [R] |
Obras anteriores a 1800 |
| 9 (RLIN) |
19257 |
| 650 #7 - ASIENTO SECUNDARIO DE MATERIA - TERMINO TEMATICO [R] |
| Término temático o nombre geográfico como elemento de entrada [NR] |
Vida Cristiana |
| Subdivisión general [R] |
Obras anteriores a 1800 |
| 9 (RLIN) |
25239 |
| 650 #7 - ASIENTO SECUNDARIO DE MATERIA - TERMINO TEMATICO [R] |
| Término temático o nombre geográfico como elemento de entrada [NR] |
Vida espiritual |
| Subdivisión general [R] |
Obras anteriores a 1800 |
| 9 (RLIN) |
26229 |
| 690 ## - ASUNTO AGREGADO LOCAL DE ENTRADA - TÉRMINO TEMÁTICO (OCLC, RLIN) |
| Acceso temático local |
Teología |
| 9 (RLIN) |
25230 |
| 856 4# - LOCALIZACION Y ACCESO ELECTRONICOS [R] |
| Nota dirigida al público [R] |
Disponible en línea V.10 |
| Identificador Uniforme del Recurso (“URI”) [R] |
<a href="http://books.google.com.co/books?id=9NsukKRr7ecC&printsec=frontcover&source=gbs_atb">http://books.google.com.co/books?id=9NsukKRr7ecC&printsec=frontcover&source=gbs_atb</a> |
| 856 4# - LOCALIZACION Y ACCESO ELECTRONICOS [R] |
| Nota dirigida al público [R] |
Disponible en línea V.7 |
| Identificador Uniforme del Recurso (“URI”) [R] |
<a href="http://books.google.com.co/books?id=crY7AAAAcAAJ&printsec=frontcover&source=gbs_atb">http://books.google.com.co/books?id=crY7AAAAcAAJ&printsec=frontcover&source=gbs_atb</a> |
| 942 ## - ELEMENTOS DE ENTRADA AGREGADOS (KOHA) |
| Tipo de ítem principal el descrito en 300a |
Libro |
| Edición |
1 |
| Tema principal |
4 |
| Sistema de clasificación |
LOCAL |
| Clasificación |
E03N025 |